| 000 | 00783nam a2200229 i 4500 | ||
|---|---|---|---|
| 001 | 137060 | ||
| 003 | ES-MaACL | ||
| 005 | 20250829043813.0 | ||
| 007 | t| | ||
| 008 | 070214s1978 sp a r ||||1| spa d | ||
| 080 | _a75:069(460.27 M.)Prado | ||
| 100 | 1 |
_aSalas, Xavier de. _9101750 |
|
| 245 | 1 | 0 |
_aMuseo del Prado. _n6, _pPrimitivos espaƱoles ; Pintores del siglo XV ; Durero y Rafael / _cXavier de Salas. |
| 260 |
_aMadrid : _bOrgaz, _c1978. |
||
| 300 |
_a67 p. : _bil. ; _c31 cm. |
||
| 490 | 1 | _aGrandes pinacotecas | |
| 505 | 8 |
_aContiene: v. 6 ; _tPrimitivos espaƱoles ; Pintores del S. XV ; Durero y Rafael |
|
| 610 | 2 |
_aMuseo Nacional del Prado. _9160001 |
|
| 830 | 0 | 0 |
_aGrandes pinacotecas _9187062 |
| 852 |
_aES-MaACL _jA-9903 |
||
| 999 |
_c137060 _d137060 |
||